000
00266nam a22001217a 4500
008
180202b xxu||||| |||| 00| 0 eng d
041
_a
eng
080
_a
615
100
_a
5
101
_a
FAR
245
_a
GBR Generic brand reference
_c
Krinke,S.B
942
_2
udc
_c
BK
999
_c
41699
_d
41699